[Event "AICF KIIT Cup 2013"]
[Site "Bhubaneswar IND"]
[Date "2013.03.23"]
[Round "8"]
[White "Guo Qi"]
[Black "Danielian,E"]
[Result "1-0"]
[WhiteElo "2435"]
[BlackElo "2466"]

1.d4 Nf6 2.c4 e6 3.Nf3 c5 4.d5 exd5 5.cxd5 d6 6.Nc3 g6 7.Bf4 a6 8.a4 Bg7
9.h3 O-O 10.e3 Ne8 11.Be2 Nd7 12.O-O Rb8 13.Qb3 Qe7 14.Rfe1 Nc7 15.Nd2 b5
16.axb5 axb5 17.Nxb5 Nxb5 18.Bxb5 Ne5 19.Qa4 Qb7 20.Bxe5 Bxe5 21.Bc6 Qe7
22.Nc4 Bxb2 23.Qa7 Qf6 24.Qxb8 Bxa1 25.Qxd6 Qc3 26.Rd1 Ba6 27.Nb6 Qb3 28.Ba4 Qa3
29.Nd7 Ra8 30.Bc6 Rc8 31.Qxc5 Qa2 32.Nb6 Rb8 33.Qd6 Rf8 34.Qb4 Bg7 35.Qa4 Qe2
36.d6 Bd3 37.Bf3 Qb2 38.Qc6 Bc2 39.Rf1 Bd3 40.Rc1 Bb5 41.Qc5 Rd8 42.Rd1 Bf6
43.g3 Bd7 44.Kg2 Bxh3+ 45.Kxh3 Qxf2 46.Bg2 Qe2 47.Rf1 Rxd6 48.Rxf6 Rd2 49.Bf3 Qh2+
50.Kg4 h5+ 51.Kg5 Qxg3+ 52.Kh6 Rd8 53.Qe7 Rf8 54.Rxf7 Rxf7 55.Qe8+  1-0

[Event "Nis Open 2013"]
[Site "Nis SRB"]
[Date "2013.03.24"]
[Round "5.6"]
[White "Ilic,Zo1"]
[Black "Radoja,D"]
[Result "1-0"]
[WhiteElo "2293"]
[BlackElo "2222"]

1.d4 c5 2.d5 e6 3.c4 exd5 4.cxd5 d6 5.Nc3 Nf6 6.Nf3 g6 7.g3 Bg7 8.Bg2 O-O
9.O-O a6 10.a4 Re8 11.Nd2 Nbd7 12.h3 Rb8 13.Nc4 Nb6 14.Na3 Nfd7 15.e4 Ne5
16.Qe2 f5 17.f4 Nf7 18.a5 Na8 19.Nc4 Nc7 20.Nb6 Na8 21.Nc4 Nc7 22.Nb6 Na8
23.Nxc8 Rxc8 24.Qc2 Qf6 25.Kh2 Nc7 26.Bd2 Rb8 27.Rfe1 Qd4 28.e5 c4 29.Be3 Qd3
30.Qxd3 cxd3 31.e6 Nh6 32.Red1 Kf8 33.Rxd3 Ng8 34.Ra4 Rec8 35.Rb4 Ne8 36.Ba7 Ra8
37.Rxb7 Ne7 38.Bd4 Nf6 39.Bf3 Rc4 40.Be3 Ne4 41.Rb6 Nc8 42.Rc6 Rb4 43.Bxe4 fxe4
44.Rd2 Bf6 45.g4 Bd8 46.f5 Ne7 47.Bf4 e3 48.Bxe3 Nxc6 49.dxc6 Rab8 50.Nd5 Rxb2
51.Rxb2 Rxb2+ 52.Kg3 gxf5 53.c7 Bxc7 54.Nxc7 Rb7 55.Bh6+  1-0

[Event "ch-Moscow w 2013"]
[Site "Moscow RUS"]
[Date "2013.03.25"]
[Round "4.5"]
[White "Savina,A"]
[Black "Chasovnikova,E"]
[Result "1-0"]
[WhiteElo "2351"]
[BlackElo "2211"]

1.d4 Nf6 2.c4 c5 3.d5 e6 4.Nc3 exd5 5.cxd5 d6 6.Nf3 g6 7.Nd2 Nbd7 8.e4 Bg7
9.Be2 O-O 10.O-O Re8 11.f4 a6 12.a4 b6 13.Bf3 Rb8 14.Nc4 Qc7 15.e5 dxe5 16.fxe5 Nxe5
17.Bf4 Nfd7 18.Kh1 Qd8 19.Nd6 Rf8 20.Be2 f5 21.Nxc8 Qxc8 22.d6 Kh8 23.Nd5 Qb7
24.Ra3 c4 25.Rh3 Rbd8 26.Ne7 Qe4 27.Re3 Qb7 28.Bf3 Nxf3 29.Rfxf3 Nf6 30.Rh3 Ne4
31.Rxh7+ Kxh7 32.Rh3+ Bh6 33.Rxh6+ Kg7 34.Rxg6+ Kf7 35.Qh5 Nf6 36.Rxf6+ Kxf6
37.Qg6+  1-0

[Event "Nis Open 2013"]
[Site "Nis SRB"]
[Date "2013.03.25"]
[Round "6.7"]
[White "Maksimovic,Br"]
[Black "Majstorovic,Dusan"]
[Result "1-0"]
[WhiteElo "2442"]
[BlackElo "2041"]

1.d4 Nf6 2.c4 e6 3.Nf3 c5 4.d5 d6 5.Nc3 exd5 6.cxd5 g6 7.Bf4 a6 8.a4 Bg7
9.e3 O-O 10.h3 Re8 11.Nd2 Nh5 12.Bh2 Be5 13.Bxe5 Rxe5 14.Nc4 Re8 15.Be2 Ng7
16.Qb3 Qc7 17.O-O Nd7 18.a5 f5 19.Na4 Kh8 20.Qc3 Rb8 21.f4 Rf8 22.Bf3 Nf6
23.Nd2 Bd7 24.Nb6 Bb5 25.Rfe1 Nd7 26.Nxd7 Qxd7 27.e4 fxe4 28.Rxe4 Rbe8 29.Bg4 Qf7
30.Be6 Qf6 31.Rae1 Re7 32.Qxf6 Rxf6 33.Bg4 Ref7 34.g3 Nf5 35.Kg2 Kg7 36.h4 Nd4
37.h5 Nf5 38.hxg6 hxg6 39.Re6 Rxe6 40.Rxe6 Rd7 41.Bxf5 gxf5 42.g4 fxg4 43.Kg3 Rd8
44.f5 Kf7 45.Ne4 Bc4 46.Nxd6+  1-0

[Event "44th Marcel Duchamp"]
[Site "Buenos Aires ARG"]
[Date "2013.03.26"]
[Round "5.14"]
[White "Lopez,Di"]
[Black "Contin,D"]
[Result "0-1"]
[WhiteElo "2169"]
[BlackElo "2366"]

1.d4 Nf6 2.c4 e6 3.Nc3 c5 4.d5 exd5 5.cxd5 d6 6.Nf3 g6 7.h3 Bg7 8.e4 O-O
9.Bd3 b5 10.Bxb5 Nxe4 11.Nxe4 Qa5+ 12.Nfd2 Qxb5 13.Nxd6 Qa6 14.N2c4 Nd7 15.O-O Ne5
16.Nxe5 Qxd6 17.Nc4 Qa6 18.Ne3 Bd7 19.Qc2 Bb5 20.Rd1 Ba4 21.Qd3 c4 22.Qa3 Rab8
23.Rb1 c3 24.b3 Qe2 25.Qxa4 c2 26.Ba3 cxb1=Q 27.Rxb1 Qxa2 28.Rd1 Rxb3 29.Nc4 Rc3  0-1

[Event "IX Lubuska Wiosna Op"]
[Site "Gorzow POL"]
[Date "2013.03.28"]
[Round "4"]
[White "Reza,W"]
[Black "Grela,K"]
[Result "1-0"]
[WhiteElo "2107"]
[BlackElo "1977"]

1.d4 Nf6 2.c4 c5 3.d5 e6 4.Nc3 exd5 5.cxd5 d6 6.Nf3 g6 7.Nd2 Bg7 8.Nc4 O-O
9.Bf4 Ne8 10.Qd2 Na6 11.Ne4 Nac7 12.Ncxd6 Nf6 13.Nc3 Nh5 14.Nxc8 Nxf4 15.Qxf4 Rxc8
16.e4 b5 17.Be2 Re8 18.Rd1 Be5 19.Qf3 Qd7 20.Rd2 b4 21.Nd1 Nb5 22.Bxb5 Qxb5
23.Re2 c4 24.O-O a5 25.Ne3 Qa4 26.Nxc4  1-0

[Event "ch-Moscow 2013"]
[Site "Moscow RUS"]
[Date "2013.03.29"]
[Round "7.7"]
[White "Naumkin,I"]
[Black "Vavulin,M"]
[Result "0-1"]
[WhiteElo "2490"]
[BlackElo "2293"]

1.d4 Nf6 2.c4 e6 3.Nf3 c5 4.d5 exd5 5.cxd5 d6 6.Nc3 g6 7.e4 a6 8.a4 Bg4 9.Be2 Bxf3
10.Bxf3 Nbd7 11.Bf4 Qe7 12.O-O Bg7 13.Re1 O-O 14.a5 Ne8 15.Be2 Nc7 16.Bf1 Rab8
17.Kh1 Bd4 18.Qc2 b5 19.axb6 Rxb6 20.Bg3 Rfb8 21.Ra2 Nf6 22.Bh4 Qe5 23.f3 Nh5
24.Qc1 f6 25.Nd1 Bxb2 26.Nxb2 Rxb2 27.f4 Qd4 28.Rxb2 Qxb2 29.Qxb2 Rxb2 30.e5 Ne8
31.g4 Nxf4 32.exf6 Kf8 33.Bg5 Nxd5 34.Bh6+ Kf7 35.Bc1 Rb4 36.g5 Nec7 37.Bd2 Rd4
38.Ba5 Ne6 39.Rb1 Nxg5 40.Bd8 Nb4 41.Bg2 Ne6 42.Be7 a5 43.Kg1 c4 44.Bh3 Nf4
45.Bd7 c3 46.Ba4 Rd2 47.Bb3+ d5 48.Rf1 c2 49.Kh1 Nfd3 50.Ba4 c1=Q 51.Be8+ Ke6  0-1

[Event "ch-Moscow w 2013"]
[Site "Moscow RUS"]
[Date "2013.03.30"]
[Round "8.7"]
[White "Pustovoitova,D"]
[Black "Chasovnikova,E"]
[Result "1-0"]
[WhiteElo "2269"]
[BlackElo "2211"]

1.d4 Nf6 2.c4 c5 3.d5 e6 4.Nc3 exd5 5.cxd5 d6 6.Nf3 g6 7.Nd2 Nbd7 8.e4 a6
9.a4 Bg7 10.Be2 O-O 11.f4 Re8 12.O-O b6 13.Bf3 Rb8 14.Nc4 Qc7 15.Qb3 b5 16.axb5 Nb6
17.bxa6 Nxc4 18.Qxc4 Rb4 19.Qe2 Qb6 20.a7 Bb7 21.e5 dxe5 22.fxe5 Nd7 23.e6 Ba8
24.exf7+ Kxf7 25.d6 Rxe2 26.Bxa8+ Ke8 27.Bf3  1-0

[Event "ch-WLS 2013"]
[Site "Cardiff WLS"]
[Date "2013.03.31"]
[Round "5.5"]
[White "Van Kemenade,R"]
[Black "Kostanjsek,Luke"]
[Result "1-0"]
[WhiteElo "2019"]
[BlackElo "1881"]

1.Nf3 Nf6 2.d4 c5 3.d5 e6 4.c4 exd5 5.cxd5 d6 6.Nc3 g6 7.Bg5 Bg7 8.e3 O-O
9.Bd3 Re8 10.O-O h6 11.Bh4 g5 12.Bg3 Nh5 13.Nd2 Nxg3 14.hxg3 a6 15.a4 Nd7
16.Nc4 Ne5 17.Nxe5 Bxe5 18.Bc2 Rb8 19.Qd3 f5 20.f4 gxf4 21.gxf4 Bg7 22.Rf3 Qd7
23.Rg3 b5 24.axb5 axb5 25.e4 c4 26.Qf3 Qf7 27.exf5 Kh8 28.Ne4 Qxf5 29.Rxg7 Kxg7
30.Qc3+ Kf8 31.Nxd6 Qxd5 32.Qf6+  1-0

[Event "1st Hofheim Open"]
[Site "Hofheim GER"]
[Date "2013.04.05"]
[Round "5.25"]
[White "Kreiling,C"]
[Black "Mager,D"]
[Result "1-0"]
[WhiteElo "2111"]
[BlackElo "2013"]

1.d4 Nf6 2.c4 c5 3.d5 e6 4.Nc3 exd5 5.cxd5 d6 6.Nf3 g6 7.Bf4 Bg7 8.Qa4+ Bd7
9.Qb3 Bc8 10.Qb5+ Kf8 11.Qd3 Kg8 12.e4 h6 13.h3 Kh7 14.Be2 Qe7 15.O-O Re8
16.Nd2 a6 17.a4 Nbd7 18.Qg3 Ne5 19.Bxe5 Qxe5 20.Qxe5 Rxe5 21.Nc4 Re7 22.Nxd6 Ne8
23.Nxe8 Rxe8 24.Bd3 f5 25.exf5 Bxf5 26.Bxf5 gxf5 27.Rfe1 Rad8 28.Rxe8 Rxe8
29.Kf1 Kg6 30.Re1 Rxe1+ 31.Kxe1 b5 32.axb5 axb5 33.Nxb5 Bxb2 34.Kd2 c4 35.Nd6 Bd4
36.f3 c3+ 37.Kd3 Bc5 38.Nb5 Kf6 39.Nxc3 Ke5 40.Kc4 Be7 41.Ne2 Bf8 42.Nd4 h5
43.Ne6 Be7 44.g3 Bd6 45.Nf4 h4 46.Nd3+ Kf6 47.gxh4 Kg6 48.Kb5 Kh5 49.Kc6 Be7
50.Kd7 Bxh4 51.Ke6 Kg6 52.d6 Bd8 53.Ne5+ Kh5 54.Kd7 Kh4 55.Kxd8 Kxh3 56.Nf7  1-0

[Event "e2e4 Gatwick Open 2013"]
[Site "Crawley ENG"]
[Date "2013.04.06"]
[Round "3"]
[White "Zhang,Anthony Y"]
[Black "Helmer,C"]
[Result "0-1"]
[WhiteElo "1773"]
[BlackElo "2021"]

1.d4 Nf6 2.Nf3 e6 3.c4 c5 4.d5 exd5 5.cxd5 d6 6.Nc3 g6 7.Bf4 a6 8.a4 Bg7
9.h3 O-O 10.e3 Qe7 11.Be2 Nbd7 12.O-O Rb8 13.Nd2 Ne8 14.a5 Ne5 15.Nc4 Nxc4
16.Bxc4 Bd7 17.Re1 Nc7 18.Qb3 Na8 19.Qc2 Nc7 20.e4 Nb5 21.Qd3 Nd4 22.Ne2 Rfe8
23.Nxd4 Bxd4 24.Re2 Be5 25.Bxe5 Qxe5 26.Rae1 b5 27.axb6 Rxb6 28.Bxa6 Reb8
29.Rb1 Rxb2 30.Rbxb2 Rxb2 31.Rxb2 Qxb2 32.Bc4 Qe5 33.Qe3 f5 34.exf5 Qxe3
35.fxe3 Bxf5 36.Kf2 Be4 37.g4 g5 38.Kg3 Kg7 39.h4 h6 40.hxg5 hxg5 41.Kf2 Kf6
42.Ke2 Ke5 43.Bb3 Bxd5 44.Bd1 Be4 45.Kd2 d5 46.Kc3 Bg2 47.Bc2 d4+ 48.exd4+ cxd4+
49.Kd2 Kf4 50.Ba4 Bf1 51.Bd7 Bc4 52.Bf5 Ke5 53.Bc2 Be6 54.Bd1 Kf4 55.Kd3 Bxg4
56.Ba4 Ke5 57.Bc6 Bf5+ 58.Kd2 Be4 59.Bd7 Kf4 60.Bh3 g4 61.Bf1 Kg3 62.Be2 Kh3
63.Bf1+ Kh2 64.Kd1 g3 65.Kd2 g2 66.Bxg2 Kxg2  0-1

[Event "2nd Martinique Open"]
[Site "Fort-de-France FRA"]
[Date "2013.04.06"]
[Round "8.4"]
[White "Stefanova,A"]
[Black "Mendiondo,Yosvany"]
[Result "1-0"]
[WhiteElo "2525"]
[BlackElo "2037"]

1.d4 Nf6 2.Nf3 c5 3.d5 e6 4.c4 exd5 5.cxd5 d6 6.Nc3 g6 7.Bf4 Bg7 8.Qa4+ Bd7
9.Qb3 Qc7 10.h3 O-O 11.e3 a6 12.a4 Rc8 13.Nd2 Bf8 14.Nc4 Rd8 15.Be2 Bc8 16.Nb6 Ra7
17.a5 h6 18.O-O Nbd7 19.Bh2 Re8 20.Rfd1 Qd8 21.Nc4 Qc7 22.Na4 Ra8 23.Qc3 Ne4
24.Qc2 Ndf6 25.Ncb6 Rb8 26.f3 Ng5 27.e4 Bd7 28.Nc3 Rbd8 29.Bd3 Bc8 30.f4 Ngh7
31.e5 Nd7 32.Nxc8 Rxc8 33.e6 f5 34.exd7 Qxd7 35.Bc4 Nf6 36.Re1 Qc7 37.Re6 Bg7
38.Qa4 Re7 39.Bg3 g5 40.fxg5 hxg5 41.Bxd6  1-0

[Event "1st Hofheim Open"]
[Site "Hofheim GER"]
[Date "2013.04.06"]
[Round "8.8"]
[White "Meyner,H"]
[Black "Blechzin,I"]
[Result "0-1"]
[WhiteElo "2251"]
[BlackElo "2440"]

1.d4 Nf6 2.c4 c5 3.d5 e6 4.Nc3 exd5 5.cxd5 d6 6.Nf3 g6 7.Bf4 Bg7 8.Qa4+ Bd7
9.Qb3 Qc7 10.e4 O-O 11.Nd2 Nh5 12.Be3 f5 13.exf5 gxf5 14.Be2 f4 15.Bxc5 Na6
16.Ba3 f3 17.Bxf3 Rae8+ 18.Nce4 Nf6 19.O-O Nxe4 20.Nxe4 Be5 21.Ng5 b5 22.Ne6 Qa5
23.Bh5 b4 24.Rae1 Bxe6 25.Rxe5 dxe5 26.dxe6 Re7 27.Bf7+ Kh8 28.Qc2 bxa3 29.Qf5 Rexf7
30.exf7 Kg7 31.Rd1 h6 32.Qg4+ Kh7 33.Qe4+ Kg7 34.Rd6 Rxf7 35.Qg6+ Kf8 36.Qxh6+ Ke7
37.Qe6+ Kf8 38.Qh6+ Ke7 39.Qe6+ Kf8 40.Qc8+ Kg7 41.Qc1 Kf8 42.bxa3 Qc5 43.Qd2 Nc7
44.h4 Ke7 45.Rd7+ Ke6 46.Rd8 Nd5 47.g3 Nf6 48.Qe2 Qb6 49.Qc4+ Ke7 50.Rc8 Qb1+
51.Kh2 Ng4+ 52.Kg2 Qb7+ 53.Kg1 Qb1+ 54.Qc1 Qxc1+ 55.Rxc1 Rxf2 56.Rc4 Rf1+
57.Kxf1 Ne3+ 58.Ke2 Nxc4 59.Kd3 Nd6 60.g4 Ke6 61.Ke3 Kd5 62.h5 Nf7 63.Kd3 e4+
64.Ke3 Ke5 65.a4 a5 66.a3 Ng5 67.h6 Nh7 68.Ke2 Kf4 69.Kf2 Kxg4 70.Ke3 Kf5
71.Ke2 Kf4 72.Kf2 e3+  0-1

[Event "TCh-AUT 2 East 2012-13"]
[Site "Austria AUT"]
[Date "2013.04.07"]
[Round "11.6"]
[White "Schreiber,Ew"]
[Black "Leitner,G"]
[Result "1/2-1/2"]
[WhiteElo "2049"]
[BlackElo "2206"]

1.d4 Nf6 2.c4 c5 3.d5 e6 4.Nc3 exd5 5.cxd5 d6 6.Nf3 g6 7.g3 Bg7 8.Bg2 O-O
9.O-O a6 10.a4 Re8 11.Nd2 Nbd7 12.h3 Rb8 13.Nc4 Nb6 14.Na3 Bd7 15.a5 Nc8
16.Nc4 Bb5 17.Qb3 Na7 18.Bf4 Bxc4 19.Qxc4 Nh5 20.Bd2 Qd7 21.Rfb1 Nb5 22.e3 f5
23.Qd3 Rbc8 24.Na4 Rc7 25.Nb6 Qe7 26.Rc1 Nf6 27.b4 cxb4 28.Bxb4 Ne4 29.Bxe4 fxe4
30.Qd2 Rxc1+ 31.Rxc1 h5 32.h4 g5 33.Qe2 gxh4 34.Qxh5 hxg3 35.fxg3 Rf8 36.Qg6 Qe5
37.Nd7 Qb2 38.Qe6+ Kh8 39.Qh3+ Kg8 40.Qe6+ Kh8  1/2-1/2

[Event "23rd ch-SLO 2013"]
[Site "Sentjur SLO"]
[Date "2013.04.08"]
[Round "3.5"]
[White "Sebenik,M"]
[Black "Urbanc,P"]
[Result "1-0"]
[WhiteElo "2527"]
[BlackElo "2006"]

1.d4 Nf6 2.c4 c5 3.d5 e6 4.Nc3 exd5 5.cxd5 d6 6.Nf3 g6 7.Bf4 Bg7 8.Qa4+ Bd7
9.Qb3 Qc7 10.e4 O-O 11.Be2 Nh5 12.Be3 a6 13.a4 Bg4 14.h3 Bxf3 15.Bxf3 Nd7
16.Bxh5 gxh5 17.O-O Rae8 18.Rac1 Kh8 19.Qc2 Rg8 20.Kh1 Qd8 21.Qd2 Be5 22.f4 Bxc3
23.Qxc3+ f6 24.Bf2 Rxe4 25.Qf3 Qe8 26.Rce1 f5 27.Bh4 Qg6 28.Rxe4 fxe4 29.Qc3+ Rg7
30.Qc2 Qf5 31.Re1 Qxf4 32.Qxe4 Qxe4 33.Rxe4 Kg8 34.Re6 Rg6 35.Re8+ Nf8 36.Rd8 Kf7
37.Rb8 Rg7 38.Rxb7+ Kg6 39.Rb6 Rd7 40.Bg3 Kf5 41.Rxa6 Rb7 42.Rxd6 Rxb2 43.a5 Ra2
44.a6 c4 45.Rc6 Ke4 46.d6 Kd5 47.d7 Nxd7 48.Rd6+ Ke4 49.Rxd7 Rxa6 50.Rxh7 c3
51.Rxh5 Ra1+ 52.Kh2 c2 53.Re5+ Kd4 54.Bf4 Rf1 55.Re2 Kd3 56.Re3+ Kd4 57.Rf3 c1=Q
58.Bxc1 Rxc1 59.h4 Ke4 60.Kh3 Rg1 61.Rf2 Ke3 62.Rf7 Ke4 63.g3  1-0

[Event "15th Dubai Open 2013"]
[Site "Dubai UAE"]
[Date "2013.04.11"]
[Round "5.3"]
[White "Akopian,Vl"]
[Black "Pantsulaia,L"]
[Result "1-0"]
[WhiteElo "2704"]
[BlackElo "2556"]

1.d4 Nf6 2.c4 c5 3.d5 e6 4.Nc3 exd5 5.cxd5 d6 6.Nf3 g6 7.Bf4 a6 8.Nd2 Nbd7
9.Qc2 Be7 10.a4 O-O 11.e4 Re8 12.Be2 Bf8 13.O-O Ne5 14.Bxe5 Rxe5 15.Nc4 Re8
16.f4 Nd7 17.Rae1 Rb8 18.a5 Qc7 19.e5 b5 20.axb6 Nxb6 21.Ne4 Bf5 22.Nf6+ Kg7
23.Qc3 dxe5 24.fxe5  1-0

[Event "ch-POL 2013"]
[Site "Chorzow POL"]
[Date "2013.04.13"]
[Round "1.2"]
[White "Socko,B"]
[Black "Dragun,K"]
[Result "1/2-1/2"]
[WhiteElo "2651"]
[BlackElo "2492"]

1.d4 Nf6 2.c4 e6 3.Nf3 c5 4.d5 exd5 5.cxd5 d6 6.Nc3 g6 7.Bf4 a6 8.a4 Bg7
9.h3 O-O 10.e3 Re8 11.Nd2 Nbd7 12.Nc4 Ne4 13.Nxe4 Rxe4 14.Bd3 Rxc4 15.Bxc4 Bxb2
16.Rb1 Bc3+ 17.Kf1 Nb6 18.Bb3 Qf6 19.Bg3 Bf5 20.Bc2 Bxc2 21.Qxc2 Nc4 22.Ke2 Na3
23.Qb3 Nxb1 24.Qxb7 Rd8 25.Rxb1 Qf5 26.Rc1 Bf6 27.Rc4 Kg7 28.Bh2 Qh5+ 29.Ke1 Qf5  1/2-1/2

[Event "4th LUCOPEN 2013"]
[Site "Lille FRA"]
[Date "2013.04.15"]
[Round "3.14"]
[White "Van Vliet,D"]
[Black "Castellanos Rodriguez,R"]
[Result "0-1"]
[WhiteElo "2082"]
[BlackElo "2505"]

1.d4 Nf6 2.c4 e6 3.Nc3 c5 4.d5 exd5 5.cxd5 d6 6.Nf3 g6 7.Bf4 a6 8.a4 Bg7
9.Nd2 Nh5 10.Bg3 Nxg3 11.hxg3 Nd7 12.e3 Ne5 13.Be2 h5 14.Nc4 h4 15.g4 Nxc4
16.Bxc4 Qe7 17.Qe2 Bd7 18.a5 O-O 19.Ra3 Qg5 20.f3 Rae8 21.Ne4 Rxe4 22.fxe4 Be5
23.Qd1 Bxb2 24.Rb3 Ba4 25.Qd3 Bxb3 26.Qxb3 Be5 27.Be2 c4 28.Qxc4 Qxe3  0-1

[Event "Nakhchivan Open A 2013"]
[Site "Nakhchivan AZE"]
[Date "2013.04.22"]
[Round "1.11"]
[White "Agaragimov,D"]
[Black "Papaioannou,I"]
[Result "1/2-1/2"]
[WhiteElo "2348"]
[BlackElo "2627"]

1.d4 Nf6 2.Nf3 e6 3.c4 c5 4.d5 d6 5.Nc3 exd5 6.cxd5 g6 7.Bf4 Nh5 8.Bg5 Be7
9.Bh6 Bf6 10.Qd2 Qe7 11.h3 Bg7 12.g4 Bxh6 13.Qxh6 Nf6 14.e3 a6 15.a4 Nbd7
16.Nd2 b6 17.Nc4 Bb7 18.Bg2 O-O-O 19.O-O-O Kc7 20.f4 Ng8  1/2-1/2

[Event "Nakhchivan Open A 2013"]
[Site "Nakhchivan AZE"]
[Date "2013.04.22"]
[Round "1.20"]
[White "Idrisov,T"]
[Black "Pantsulaia,L"]
[Result "1/2-1/2"]
[WhiteElo "2259"]
[BlackElo "2556"]

1.d4 Nf6 2.c4 c5 3.d5 e6 4.Nc3 exd5 5.cxd5 d6 6.Nf3 g6 7.Nd2 a6 8.a4 Nbd7
9.Nc4 Nb6 10.Na3 Bd7 11.e4 Bg7 12.Be2 O-O 13.O-O Re8 14.f3 Nh5 15.g4 Bd4+
16.Kg2 Ng7 17.Bf4 f5 18.a5 Nc8 19.Nc4 Qe7 20.Qb3 fxg4 21.Rae1 Nh5 22.Bg3 Nxg3
23.hxg3 gxf3+ 24.Bxf3 Be5 25.Nxe5 dxe5 26.d6+ Qe6 27.Nd5 Kh8 28.Rh1 Bc6 29.Bg4 Bxd5
30.exd5 Qxd6 31.Rd1 Qc7 32.Qd3 Nd6 33.Qxg6 Rf8 34.Rxh7+ Qxh7 35.Rh1 Rf2+
36.Kxf2 Qxh1 37.Qf6+ Kh7 38.Qe7+ Kg8 39.Be6+ Kh8 40.Qf6+ Kh7 41.Bf5+ Nxf5
42.Qxf5+  1/2-1/2

[Event "77th ch-BUL 2013"]
[Site "Bankya BUL"]
[Date "2013.04.24"]
[Round "10.5"]
[White "Enchev,I"]
[Black "Petkov,V"]
[Result "1-0"]
[WhiteElo "2451"]
[BlackElo "2566"]

1.d4 Nf6 2.c4 c5 3.d5 e6 4.Nc3 exd5 5.cxd5 d6 6.Nf3 g6 7.Bf4 a6 8.a4 Bg7
9.h3 O-O 10.e3 Ne8 11.Be2 Nd7 12.O-O h6 13.Nd2 Ne5 14.Bh2 g5 15.f4 Ng6 16.Nc4 gxf4
17.exf4 f5 18.Bd3 b6 19.Kh1 Ra7 20.Qh5 Ne7 21.Ne3 Nf6 22.Qf3 Qd7 23.Nc4 Qd8
24.Rae1 Bb7 25.Nxb6 Qxb6 26.Rxe7 Bc8 27.a5 Qb8 28.Rxa7 Qxa7 29.Na4 Qf7 30.Nb6 Bb7
31.Bxf5 Bxd5 32.Nxd5 Nxd5 33.Bb1 Nb4 34.b3 d5 35.Bg1 d4 36.Qe4 Rd8 37.Rf3 Kf8
38.Bf2 Nd5 39.Bd3 Re8 40.Qh7 Nf6 41.Qf5 Qd5 42.Qxd5 Nxd5 43.Bxa6 Nb4 44.Bc4 Ra8
45.a6 Nxa6 46.f5 Bf6 47.Bg3 Ke7 48.Rf1 Kd8 49.Ra1  1-0

[Event "Nakhchivan Open A 2013"]
[Site "Nakhchivan AZE"]
[Date "2013.04.25"]
[Round "4.19"]
[White "Khademalsharieh,S"]
[Black "Rasulov,Vu"]
[Result "1-0"]
[WhiteElo "2267"]
[BlackElo "2497"]

1.d4 Nf6 2.Nf3 c5 3.d5 e6 4.c4 exd5 5.cxd5 d6 6.Nc3 g6 7.g3 Bg7 8.Bg2 O-O
9.O-O Re8 10.h3 a6 11.a4 Nbd7 12.Bf4 Qe7 13.Re1 Rb8 14.e4 Nh5 15.Bg5 Bf6
16.Bxf6 Nhxf6 17.Bf1 Kg7 18.Rb1 Ne5 19.Nd2 c4 20.b3 cxb3 21.f4 Ned7 22.Nxb3 Nh5
23.Re3 Kg8 24.Qf3 Qf6 25.Rbe1 b6 26.Ne2 Bb7 27.Ned4 Rbc8 28.Bg2 Rc4 29.Qd1 Rxa4
30.Nc6 Ra2 31.Nbd4 Nc5 32.Qb1 Rd2 33.Qb4 Rd3 34.e5 dxe5 35.Qxb6 Nxf4 36.Qxc5 Nxg2
37.Kxg2 Rd2+ 38.R1e2 Rd1 39.Nf3 Kg7 40.Rxe5 Rxe5 41.Rxe5 Rd3 42.Ncd4 h5 43.Re8 Kh7
44.h4 Kh6 45.Qf8+ Qg7 46.Qe7 Rxd4 47.Qe3+  1-0

[Event "Western Pacific Open 2013"]
[Site "Los Angeles USA"]
[Date "2013.04.27"]
[Round "3"]
[White "Wang,Ph"]
[Black "Sevillano,E"]
[Result "1/2-1/2"]
[WhiteElo "2390"]
[BlackElo "2500"]

1.d4 Nf6 2.c4 c5 3.d5 e6 4.Nc3 exd5 5.cxd5 d6 6.Nf3 g6 7.e4 Bg7 8.h3 O-O
9.Bd3 a6 10.a4 Nh5 11.Bg5 Bf6 12.Be3 Nd7 13.g4 Ng7 14.h4 Ne5 15.Nxe5 Bxe5
16.h5 Bd7 17.f4 Bd4 18.Bd2 b5 19.Qf3 c4 20.Be2 Qe7 21.h6 Ne8 22.axb5 Rb8
23.bxa6 Rxb2 24.a7 Nc7 25.Bxc4 Bxg4 26.Qd3 Bxc3 27.Qxc3 Qxe4+ 28.Kf2 f6 29.Qxb2 Qf3+
30.Kg1 Qg3+ 31.Kf1 Qf3+  1/2-1/2

[Event "TCh-CZE Extraliga 2012-13"]
[Site "Czech Republic CZE"]
[Date "2013.04.28"]
[Round "11.8"]
[White "Obsivac,J"]
[Black "Cernousek,L"]
[Result "1/2-1/2"]
[WhiteElo "2281"]
[BlackElo "2434"]

1.d4 Nf6 2.c4 c5 3.d5 e6 4.Nc3 exd5 5.cxd5 d6 6.Nf3 g6 7.g3 Bg7 8.Bg2 O-O
9.O-O Re8 10.Bf4 Na6 11.Re1 Bg4 12.Nd2 Nh5 13.Be3 Qd7 14.Nc4 b5 15.Nxb5 Qxb5
16.Nxd6 Qxb2 17.Qa4 Rxe3 18.fxe3 Bxe2 19.Rab1 Qd2 20.Nc4 Bxc4 21.Qxc4 Nb4
22.Re2 Qd3 23.Qxd3 Nxd3 24.Rb7 Bf8 25.d6 Rd8 26.Bd5 Ne5 27.Rf2 Rxd6 28.Bxf7+ Nxf7
29.Rfxf7 Nf6 30.Rxa7 c4 31.Rfc7 Ng4 32.e4 h5 33.h3 Rd1+ 34.Kg2 Rd2+ 35.Kf1 Nh2+
36.Ke1 Nf3+ 37.Kf1 Nh2+ 38.Kg1 Nf3+ 39.Kf1 Nh2+ 40.Kg1 h4 41.gxh4 Nf3+ 42.Kf1 Nh2+  1/2-1/2

[Event "III Miedzyzdroje Open 2013"]
[Site "Miedzyzdroje POL"]
[Date "2013.04.28"]
[Round "2.3"]
[White "Janczarski,M"]
[Black "Swiderski,Ra"]
[Result "1-0"]
[WhiteElo "2346"]
[BlackElo "1962"]

1.d4 Nf6 2.c4 c5 3.d5 e6 4.Nc3 exd5 5.cxd5 d6 6.Nf3 g6 7.Bf4 Bg7 8.Nd2 O-O
9.e3 a6 10.a4 Re8 11.Be2 Qc7 12.h3 Nbd7 13.Nc4 Bf8 14.a5 b5 15.axb6 Nxb6
16.Na5 Bd7 17.O-O Bg7 18.Ra3 Ne4 19.f3 Nxc3 20.bxc3 Bb5 21.c4 Bd7 22.Qc2 Reb8
23.Bd3 Nc8 24.Ra2 Rb4 25.Rb1 Rxb1+ 26.Qxb1 Bc3 27.Qb7 Ra7 28.Qxc7 Rxc7 29.e4 Kf8
30.Bd2 Bd4+ 31.Kf1 Nb6 32.Nb3 Na4 33.Nxd4 cxd4 34.Bb4 Nc5 35.Bxc5 dxc5 36.Rxa6 Rb7
37.Ra3 Rb2 38.Ra7 Ke8 39.e5 Rb3 40.Be4 Bf5 41.Bxf5 gxf5 42.Ke2 Rb2+ 43.Kd3 Rb3+
44.Kc2 Rc3+ 45.Kd2 Rxc4 46.d6 Rc3 47.Re7+ Kf8 48.e6 fxe6 49.Rxh7 Ke8 50.Re7+ Kd8
51.h4 Ra3 52.h5 c4 53.h6 Ra2+ 54.Kc1 Rxg2 55.h7 Rh2 56.Rg7 Rh1+ 57.Kb2 Rh2+
58.Ka3 d3 59.Rg8+ Kd7 60.h8=Q Rxh8 61.Rxh8 c3 62.Kb3 c2 63.Kb2 e5 64.Kc1  1-0

[Event "25th ch-ALG 2013"]
[Site "Algiers ALG"]
[Date "2013.04.29"]
[Round "4.1"]
[White "Arab,A"]
[Black "Talbi,Chafik"]
[Result "1-0"]
[WhiteElo "2445"]
[BlackElo "2173"]

1.d4 Nf6 2.c4 e6 3.Nf3 c5 4.d5 exd5 5.cxd5 d6 6.Nc3 g6 7.Bf4 Nh5 8.Bg5 Be7
9.Bh6 Bf8 10.Bxf8 Kxf8 11.g3 Kg7 12.Bg2 Re8 13.O-O Nd7 14.Nd2 Ne5 15.h3 f5
16.f4 Nf7 17.Kh2 Bd7 18.e4 Nf6 19.a4 fxe4 20.Ndxe4 Nxe4 21.Nxe4 Bf5 22.Nc3 Re3
23.Qd2 Qe7 24.Rae1 Re8 25.Ne4 Rxe1 26.Qc3+ Kf8 27.Rxe1 Bxe4 28.Bxe4 Nh6 29.Re2 Qg7
30.g4 Ng8 31.Qd2 Nf6 32.Bf3 Rxe2+ 33.Qxe2 Ne8 34.Qd2 Qf6 35.Kg3 Ng7 36.Qc3 Qxc3
37.bxc3 Kf7 38.Be2 Kf6 39.Bb5 h6 40.a5 h5 41.Kh4 hxg4 42.hxg4 g5+ 43.fxg5+ Ke5
44.c4 Kd4 45.g6 a6 46.Bd7 Kxc4 47.Kg5 Kb4 48.Kf6 Ne8+ 49.Bxe8 c4 50.g7 c3
51.g8=Q c2 52.Qg5 Kxa5 53.Qd2+  1-0

[Event "Nakhchivan Open A 2013"]
[Site "Nakhchivan AZE"]
[Date "2013.04.29"]
[Round "7.18"]
[White "Khademalsharieh,S"]
[Black "Zhukova,N"]
[Result "0-1"]
[WhiteElo "2267"]
[BlackElo "2476"]

1.d4 Nf6 2.Nf3 e6 3.c4 c5 4.d5 exd5 5.cxd5 d6 6.Nc3 g6 7.g3 Bg7 8.Bg2 O-O
9.O-O Re8 10.Bf4 a6 11.a4 h6 12.Qc1 Kh7 13.Nd2 g5 14.Be3 Nbd7 15.Nde4 Nxe4
16.Bxe4+ Kg8 17.Qc2 Ne5 18.Rad1 Bh3 19.Bg2 Qd7 20.Bc1 Ng6 21.a5 Rab8 22.Qb3 Bxc3
23.Qxc3 Rxe2 24.Bxh3 Qxh3 25.Qf6 Ne5  0-1

[Event "Zone 4.2 2013"]
[Site "Cairo EGY"]
[Date "2013.05.01"]
[Round "2.2"]
[White "Sadek,S"]
[Black "Hesham,A"]
[Result "1/2-1/2"]
[WhiteElo "2352"]
[BlackElo "2338"]

1.d4 Nf6 2.c4 c5 3.d5 e6 4.Nc3 exd5 5.cxd5 d6 6.Nf3 g6 7.Nd2 Nbd7 8.Nc4 Nb6
9.e4 Bg7 10.Bf4 O-O 11.Nxd6 Nh5 12.Nxc8 Nxf4 13.Nxb6 Qxb6 14.Qc2 c4 15.g3 Nd3+
16.Bxd3 cxd3 17.Qb3 f5 18.Qxb6 axb6 19.exf5 Rxf5 20.O-O Bxc3 21.bxc3 b5 22.Rfd1 Rxd5
23.Rd2 Rc8 24.f4 Rxc3 25.Kf2 Kf7 26.Rb1 Kf6 27.Ke3 Kf5 28.Kf3 g5 29.g4+ Kf6
30.Ke4 Rdc5 31.Rxd3 Rxd3 32.Kxd3 gxf4 33.h4 h5 34.Rb4 f3 35.Rf4+ Kg6 36.gxh5+  1/2-1/2

[Event "Zonal 2.4 Absoluto 2013"]
[Site "Manaus BRA"]
[Date "2013.05.02"]
[Round "8.17"]
[White "Januario,S"]
[Black "Lima,Endson Dos Santos"]
[Result "1-0"]
[WhiteElo "2156"]
[BlackElo "2076"]

1.d4 Nf6 2.c4 e6 3.Nf3 c5 4.d5 exd5 5.cxd5 d6 6.Nc3 g6 7.Bg5 Bg7 8.e3 O-O
9.Nd2 Nbd7 10.Be2 a6 11.a4 Qc7 12.O-O Rb8 13.Qc2 Re8 14.Rfe1 Ne5 15.h3 h6
16.Bh4 g5 17.Bg3 Bd7 18.a5 Rf8 19.Ra2 Ne8 20.f4 Ng6 21.fxg5 hxg5 22.Nce4 Bf5
23.Bd3 Bxe4 24.Nxe4 Qe7 25.Nf2 Ne5 26.Bf5 b5 27.Ne4 Nf6 28.Nxf6+ Qxf6 29.Rf1 Qe7
30.b3 c4 31.e4 cxb3 32.Qxb3 Nc4 33.Qf3 Qf6 34.Rc2 Qh6 35.Bf2 Ne5 36.Qg3 Nc4
37.Kh1 Be5 38.Qg4 Qg7 39.Qh5 Bf6 40.Bg1 Qh8 41.Qe2 Qh6 42.Bf2 Rfe8 43.g3 Kg7
44.Kg2 Rh8 45.Rh1 Ne5 46.Rcc1 Ng6 47.Rc7 Qh5 48.Bg4 Qh7 49.Be3 Ne5 50.Bf5 Qh5
51.Qe1 Nc4 52.Bc1 Rhf8 53.Qf2 Bd8 54.Bb2+ Nxb2 55.Qxb2+ Kg8 56.Rd7 Bf6 57.Qf2 Rbc8
58.Rxd6 Bd4 59.Qd2 Rc3 60.Bg4 Rxg3+ 61.Kxg3 Qh4+ 62.Kg2 Be5 63.Rc6 Qg3+ 64.Kf1 Bf4
65.Qe2 Re8 66.Rg1  1-0